| 000 | 00596nam a2200229Ia 4500 | ||
|---|---|---|---|
| 005 | 20250425162632.0 | ||
| 008 | 250425s9999 xx 000 0 und d | ||
| 020 | _a9789942076342 | ||
| 041 | _aspa | ||
| 082 | _a704.942 | ||
| 100 | _aZAPATA, CRISTOBAL | ||
| 245 | 0 | _aEROTOPIAS: CUERPO Y DESEO EN EL ARTE ECUATORIANO (3900 A.C.- 2013 D.C.) | |
| 250 | _a1A ED. | ||
| 260 | _aCUENCA | ||
| 260 |
_aEcuador _bMINISTERIO DE CULTURA Y PATRIMONIO _c2014 |
||
| 300 | _a187 | ||
| 650 | _aARTE ECUATORIANO | ||
| 650 | _aCUERPO HUMANO | ||
| 650 | _aEROTISMO | ||
| 942 | _c01 | ||
| 010 | _a91914 | ||
| 999 |
_c233322 _d233322 |
||